| 000 | 00367nam a2200133 i 4500 | ||
|---|---|---|---|
| 001 | bg | ||
| 100 | 1 | _aTARNOWSKI, Zdzisław | |
| 245 | 0 |
_aTeoretyczne problemy tłumienia cieczowego w elektrycznych miernikach analogowych / _cZ. Tarnowski. |
|
| 260 |
_aWrocław, _c1991. |
||
| 040 | _cBPK | ||
| 041 | _apol | ||
| 942 | _cKS | ||
| 008 | s pl f |000 0 pol | ||
| 999 |
_c29508 _d29508 |
||
| 856 |
_uhttp://koha.tu.koszalin.pl/cgi-bin/koha/opac-detail.pl?biblionumber=29508 _yKatalog online BPK |
||